| 000 | 00494nam a2200193Ia 4500 | ||
|---|---|---|---|
| 003 | OSt | ||
| 005 | 20220926041528.0 | ||
| 006 | a|||||r|||| 00| 0 | ||
| 007 | ta | ||
| 008 | 220923b |||||||| |||| 00| 0 eng d | ||
| 037 | _cGeneral Book | ||
| 040 |
_aRTL _cRTL _beng |
||
| 041 |
_2eng _aeng |
||
| 082 | _aU51, L5/TD | ||
| 100 |
_aBUSTEED M A _9287350 |
||
| 245 | 0 | _aGeography and Voting Behaviour. | |
| 942 |
_hU51, L5/TD _cGB _2CC |
||
| 999 |
_c667375 _d667375 |
||